Cases in collective bargaining and industrial relations : (Record no. 1939)

MARC details
000 -LEADER
fixed length control field 00654pam a2200181 a 4500
020 ## - INTERNATIONAL STANDARD BOOK NUMBER
ISBN 0256069905 (pbk.) :
050 00 - CALL NUMBER
Classification number KF3408.A4
Item number S3 1989
100 1# - AUTHOR
Personal name Schoen, Sterling Harry,
245 10 - TITLE
Title Cases in collective bargaining and industrial relations :
Remainder of title a decisional approach /
Statement of responsibility, etc Sterling H. Schoen, Raymond L. Hilgert.
250 ## - EDITION
Edition statement 6th ed.
260 ## - PUBLICATION INFORMATION
Place of publication Homewood, IL :
Name of publisher Irwin,
Year of publication 1989.
300 ## - DESCRIPTION
Number of Pages viii, 487 p. ;
Dimensions 23 cm.
500 ## - NOTES
General note Includes index
505 ## - FORMATTED CONTENTS NOTE
Table of Content 1. Legal aspects of collective bargaining<br/>2. Problems in union-management relations<br/>
650 #0 - SUBJECTS
Topical Term Collective labor agreements
General subdivision Cases.
700 1# - OTHER AUTHORS
Personal name Hilgert, Raymond L.
942 ## - ADDED ENTRY ELEMENTS (KOHA)
Koha item type Books
Holdings
Withdrawn status Lost status Collection code Home library Current library Shelving location Date acquired Full call number Accession Number Koha item type
    Non-fiction Methodist University Library Main Methodist University Library Main General Stacks 24/01/2018 KF3408.A4 S3 1989 33356 Books
Copyright © 2026  MUG Library